|
|
|
|
| LEADER |
00000nam a2200000 a 4500 |
| 001 |
vtls001416187 |
| 003 |
SK-MaSNL |
| 005 |
20260301072154.0 |
| 008 |
240509s2000 xo ap r yy slo |
| 015 |
|
|
|a SNBA2001/11-03702
|
| 020 |
|
|
|a 8070996137
|
| 035 |
|
|
|a SNK000370937
|
| 035 |
|
|
|a urn:nbn:sk:snk-amtktb
|
| 035 |
|
|
|a urn:nbn:sk:snk-am00c74x
|
| 035 |
|
|
|a 53307CFA-F471-460B-8041-2AA360602D30
|
| 040 |
|
|
|a SNK
|b slo
|c SNK
|e AACR2
|
| 041 |
0 |
|
|a slo
|
| 044 |
|
|
|a xo
|c SK
|
| 080 |
|
|
|a 622.41/.46(075.8)
|2 1981
|
| 100 |
1 |
|
|a Sedlatý, Václav
|4 aut
|9 8900
|
| 245 |
1 |
|
|a Vetranie podzemných diel a tunelov
|c Václav Sedlatý, Martin Krempaský
|
| 260 |
|
|
|a Košice
|b [Technická univerzita]
|c 2000
|
| 300 |
|
|
|a 66 s.
|c 30 cm
|
| 500 |
|
|
|a 60 výt.
|
| 504 |
|
|
|a Bibliogr. s. 69
|
| 650 |
0 |
7 |
|a diela podzemné
|x tunely
|x vetranie
|2 SNK
|9 391150
|
| 650 |
0 |
7 |
|a tunely
|2 SNK
|9 14604
|
| 655 |
|
7 |
|a Textbooks (higher)
|2 SNKPHeng
|9 276436
|
| 655 |
|
7 |
|a učebnice vysokých škôl
|2 SNKPH
|9 70191
|
| 655 |
|
7 |
|a učebnice
|2 SNK
|9 22521
|
| 700 |
1 |
|
|a Krempaský, Martin
|4 aut
|9 40696
|
| 919 |
|
|
|a 80-7099-613-7
|
| 958 |
|
|
|a TL
|
| 958 |
|
|
|a NB
|
| 958 |
|
|
|a UV
|
| 999 |
|
|
|c 640239
|d 642169
|
| 952 |
|
|
|t P60, <03>, [BOOK], {603}
|a SNK
|b SNK
|y PREZ
|7 0
|p 17A0307227
|o snkSB 63626
|i snkKSP 8053/2001
|0 0
|1 0
|4 0
|d 2001-07-04
|f 1
|l 0
|r 2025-04-15 00:00:00
|w 2026-02-23
|
| 952 |
|
|
|t P60, <04>, [BOOK], {604}
|a SNK
|b SNK
|y VYP
|7 0
|p 17A0307228
|o snkSB 63626 D1
|i snkKSP 8054/2001
|0 0
|1 0
|4 0
|d 2001-07-04
|l 0
|r 2005-01-02 00:00:00
|w 2026-02-23
|